header

Challenging e-learning in the university (Record no. 39118)

MARC details
000 -LEADER
fixed length control field 01479nam a2200337Ia 4500
100 1# - MAIN ENTRY--AUTHOR NAME
Personal name Goodfellow, Robin.
245 10 - TITLE STATEMENT
Title Challenging e-learning in the university
260 ## - PUBLICATION, DISTRIBUTION, ETC. (IMPRINT)
Place of publication Maidenhead, England ;
-- New York :
Name of publisher McGraw Hill/Open University Press/Society for Research into Higher Education,
Year of publication 2007.
300 ## - PHYSICAL DESCRIPTION
Number of Pages 166 p.
650 #0 - SUBJECT ADDED ENTRY--TOPICAL TERM
Topical Term Education, Higher
Topical Term Education, Higher
Topical Term Internet in higher education.
700 1# - ADDED ENTRY--PERSONAL NAME
Personal name Lea, Mary R.
856 40 - ELECTRONIC LOCATION AND ACCESS
Uniform Resource Identifier http://site.ebrary.com/lib/rucke/Doc?id=10229828

No items available.

© 2026 Rongo University
Contact us: librarian | system librarian | Rongo university